The twilight of the nation state : (Record no. 4765)

MARC details
000 -LEADER
fixed length control field 00602 a2200181 4500
010 ## - LCCN (DPL NO)
LC control number ENG-86562
020 ## - INTERNATIONAL STANDARD BOOK NUMBER
International Standard Book Number 9788178296845
Terms of availability 480.00
035 ## - SYSTEM CONTROL NUMBER
System control number EN-70095
037 ## - SOURCE OF ACQUISITION
Source of stock number/acquisition DBAD / PUB
082 ## - DEWEY DECIMAL CLASSIFICATION NUMBER
Classification number 337
100 ## - MAIN ENTRY--PERSONAL NAME
Personal name Jha, Prem Shankar
245 ## - TITLE STATEMENT
Title The twilight of the nation state :
Statement of responsibility, etc by Prem Shankar Jha
Remainder of title globalisation, chaos and war /
260 ## - PUBLICATION, DISTRIBUTION, ETC. (IMPRINT)
Place of publication, distribution, etc New Delhi
Name of publisher, distributor, etc Vistaar Publications
Date of publication, distribution, etc 2006
270 ## - ADDRESS
Address B1/11, Mohan Cooperative Industrial Area, Mathura Road
City New Delhi
Postal code 110 044
300 ## - PHYSICAL DESCRIPTION
Extent xx, 373p
Dimensions 24cm. (pbk)
500 ## - GENERAL NOTE
General note Includes index
942 ## - ADDED ENTRY ELEMENTS (KOHA)
Institution code [OBSOLETE] dpl
Item type English Books
Source of classification or shelving scheme Dewey Decimal Classification
Classification part 337
Call number suffix JHA
Holdings
Withdrawn status Lost status Not for loan Collection code Home library Current library Source of acquisition Cost, normal purchase price Full call number Barcode Copy number Cost, replacement price Koha item type
    Not For Loan Non-fiction D.B.Act.Division D.B.Act.Division DBAD/PUB 480.00 337 JHA EN-70095 1 480.00 English Books

© Delhi Public Library
Hit Counter
free hit counter